Moderné algoritmy na riešenie niektorých eliptických parciálnych diferenciálnych rovníc /

Guardado en:
Detalles Bibliográficos
Autor principal: Vajteršic, Marián (Autor)
Formato: Libro
Lenguaje:eslovaco
Publicado: Bratislava : Veda, 1988
Edición:1.vyd.
Materias:
Etiquetas: Agregar Etiqueta
Sin Etiquetas, Sea el primero en etiquetar este registro!

MARC

LEADER 00000nam a22000003a 4500
001 stu43837
005 20150617225717.9
008 941215s1988----cs------------------slo-d
040 |a STU  |b slo 
041 0 |a slo 
044 |a cs 
080 |a 510.5 
080 |a 517.95 
100 1 |a Vajteršic, Marián  |4 aut 
245 1 |a Moderné algoritmy na riešenie niektorých eliptických parciálnych diferenciálnych rovníc /  |c [aut.]Marián Vajteršic 
250 |a 1.vyd. 
260 |a Bratislava :  |b Veda,  |c 1988 
300 |a 198 s 
650 7 |a algoritmy  |2 stusub 
650 7 |a Rovnice parciálne diferenciálne  |2 stusub 
996 |b 284M003020  |c M*4607-1  |l MMKN  |s A  |a 24  |w stu43837_0001 
996 |b 284M003021  |c M*4607-2  |l MMKN  |s A  |a 24  |w stu43837_0002